000 00599nam a2200193Ia 4500
005 20250326143306.0
008 250326s9999 xx 000 0 und d
020 _a0-262-02544-2
037 _aTextbook
040 _aFMSL
_beng
_cFMSL
041 _aeng
_2eng
084 _aD658(2:55)ob2 P3
_qFMSL
100 _aBishop Ann Peterson
_9747773
245 0 _aDigital library use: Social practice in design and evaluation
_cBishop Ann Peterson And Others
260 _aLondon
_bLondon, MIT
_c2003
300 _aix,341
942 _cTB
_hD658(2:55)ob2 P3
999 _c1298943
_d1298943